<?xml version="1.0" encoding="UTF-8"?>
<marc:record xmlns:marc="http://www.loc.gov/MARC21/slim">
   <marc:leader>00000nam a2200000 a 4500</marc:leader>
   <marc:datafield ind1="1" ind2=" " tag="100">
      <marc:subfield code="a">Knop, Daniel</marc:subfield>
      <marc:subfield code="4">aut</marc:subfield>
      <marc:subfield code="e">Verfasser/-in</marc:subfield>
   </marc:datafield>
   <marc:datafield ind1=" " ind2=" " tag="653">
      <marc:subfield code="a">Meerwasseraquarium</marc:subfield>
   </marc:datafield>
   <marc:datafield ind1=" " ind2=" " tag="653">
      <marc:subfield code="a">Sessile Tiere</marc:subfield>
   </marc:datafield>
   <marc:datafield ind1=" " ind2=" " tag="653">
      <marc:subfield code="a">Ratgeber</marc:subfield>
   </marc:datafield>
   <marc:datafield ind1="0" ind2="0" tag="245">
      <marc:subfield code="a">Riffaquaristik für Einsteiger</marc:subfield>
   </marc:datafield>
   <marc:datafield ind1="0" ind2="0" tag="245">
      <marc:subfield code="b">preiswerte Technik - pflegeleichte Tiere</marc:subfield>
   </marc:datafield>
   <marc:datafield ind1="0" ind2="0" tag="245">
      <marc:subfield code="c">Daniel Knop</marc:subfield>
   </marc:datafield>
   <marc:datafield ind1=" " ind2="1" tag="264">
      <marc:subfield code="a">Ettlingen</marc:subfield>
      <marc:subfield code="b">Dähne</marc:subfield>
      <marc:subfield code="c">2008</marc:subfield>
   </marc:datafield>
   <marc:datafield ind1=" " ind2=" " tag="250">
      <marc:subfield code="a">5., überarb. und erw. Aufl.</marc:subfield>
   </marc:datafield>
   <marc:datafield ind1="1" ind2=" " tag="520">
      <marc:subfield code="a">Angaben aus der Verlagsmeldung

Riffaquaristik für Einsteiger : Preiswerte Technik - pflegeleichte Tiere / von Daniel Knop

Riffaquarien haben den Ruf, kompliziert und teuer zu sein. Ganz zu unrecht, wie dieses Buch zeigt, denn es weist dem Einsteiger einen Weg mit geringem technischen Aufwand und wenig Vorkenntnissen ein preiswertes Riffaquarium einzurichten.
Der Autor stellt besonders pflegeleichte und anspruchslose Korallentiere vor, die für den Einstieg gut geeignet sind. Er berät beim Kauf von technischem Zubehör, zeigt wie die meisten der vorgestellten Tiere im Aquarium vermehrt werden können und hilft Fehlschläge, Enttäuschungen und unnötige Kosten zu vermeiden.

5. völlig überarbeitete, erweiterte und neu gestaltete Auflage des Standardwerkes für Meerwasseraquaristik.
</marc:subfield>
   </marc:datafield>
   <marc:datafield ind1=" " ind2=" " tag="020">
      <marc:subfield code="a">9783935175265</marc:subfield>
      <marc:subfield code="9">9783935175265</marc:subfield>
   </marc:datafield>
   <marc:datafield ind1=" " ind2=" " tag="041">
      <marc:subfield code="a">ger</marc:subfield>
   </marc:datafield>
   <marc:datafield ind1=" " ind2=" " tag="300">
      <marc:subfield code="a">219 S.</marc:subfield>
   </marc:datafield>
</marc:record>
